Interactive Survival Analysis of Lung Cancer Data Using Python and Streamlit
Predstavenie interaktívneho sprievodcu vykonávaním analýzy údajov prežitia pľúcnej rakoviny pomocou Pythonu so zameraním na vytvorenie dostupnej aplikácie v Streamlite. Poskytnutím návodu krok za krokom sa umožňuje používateľom preskúmať vzorce prežitia Kaplan-Meierových odhadov a Coxových modelov p...
Saved in:
| Main Author: | |
|---|---|
| Other Authors: | |
| Format: | Book Chapter |
| Language: | Slovak |
| Subjects: | |
| Tags: |
No Tags, Be the first to tag this record!
|
MARC
| LEADER | 00000naa$a2200000$$$4500 | ||
|---|---|---|---|
| 001 | 0305581 | ||
| 005 | 20260316123138.2 | ||
| 041 | 0 | |a slo | |
| 044 | |a SK | ||
| 245 | 1 | 0 | |a Interactive Survival Analysis of Lung Cancer Data Using Python and Streamlit |c Silvia Komara, Silvia Zelinová |
| 520 | |a Predstavenie interaktívneho sprievodcu vykonávaním analýzy údajov prežitia pľúcnej rakoviny pomocou Pythonu so zameraním na vytvorenie dostupnej aplikácie v Streamlite. Poskytnutím návodu krok za krokom sa umožňuje používateľom preskúmať vzorce prežitia Kaplan-Meierových odhadov a Coxových modelov proporcionálnych rizík. | ||
| 610 | 2 | 0 | |a analýzy |
| 610 | 2 | 0 | |a choroby civilizačné |
| 610 | 2 | 0 | |a dáta |
| 610 | 2 | 0 | |a sprievodcovia |
| 610 | 2 | 0 | |a programy aplikačné |
| 610 | 2 | 0 | |a programy |
| 100 | 1 | |a Komara, Silvia, 1985- | |
| 700 | 1 | |a Zelinová, Silvia, 1987- | |